Essays on opera /

Bibliographic Details
Main Author: Wellesz, Egon, 1885-1974
Format: Book
Language:English
German
Published: London : D. Dodson, [Label: Chester Springs, Penn., Dufour Editions], [1950]
Subjects:

MARC

Tag First Indicator Second Indicator Subfields
LEADER 00000cam a2200000 4500
001 in00000036631
005 20151007062147.0
008 730423s1950 enkag 00000 eng u
010 |a  50014157  
035 |a (OCoLC)00608212 
035 |9 AAD4103AM 
040 |c WSU  |d TXA  |d UtOrBLW 
041 1 |a eng  |a ger 
049 |a TXAM  |c [366613] 
050 0 |a ML1700.1  |b .W42 
082 0 |a 782.04 
092 |a 782  |b W451e 
100 1 |a Wellesz, Egon,  |d 1885-1974. 
245 1 0 |a Essays on opera /  |c translated from the German by Patricia Kean. 
264 1 |a London :  |b D. Dodson, [Label: Chester Springs, Penn., Dufour Editions],  |c [1950] 
300 |a 158 pages :  |b illustrations, music. ;  |c 23 cm. 
336 |a text  |b txt  |2 rdacontent 
337 |a unmediated  |b n  |2 rdamedia 
338 |a volume  |b nc  |2 rdacarrier 
536 |a From the Howard Mayer Brown, Edward Downes and Mary Schieffelin book collections. October, 2004. 
650 0 |a Opera. 
999 |a MARS 
999 f f |s b4fd0847-377c-3ae5-a873-2a14ca46f65a  |i 0d16e5fa-3433-38c6-a2e4-67ecfcade688  |t 0 
952 f f |p storage  |a Texas A&M University  |b J.J. Pickle Campus  |c High Density Repository  |d Remote Storage  |t 0  |e ML1700.1 .W42  |h Library of Congress classification  |i unmediated -- volume  |m A14831741686 
952 f f |p ric  |a Texas A&M University  |b Rellis Campus  |c Joint Library Facility  |d Remote Storage  |t 0  |e ML1700.1 .W42  |h Library of Congress classification  |i unmediated -- volume  |m A14801170588 
998 f f |a ML1700.1 .W42  |t 0  |l Remote Storage 
998 f f |a ML1700.1 .W42  |t 0  |l Remote Storage